Phụ nữ và pháp luật Hỏi-đáp về nhà - đất, thừa kế, hôn nhân và gia đình, xuất cảnh việc riêng

Gorde:
Xehetasun bibliografikoak
Egile nagusia: TRƯƠNG THỊ HÒA
Formatua: Liburua
Hizkuntza:Undetermined
Argitaratua: Tp. HCM Phụ nữ 2001
Gaiak:
Etiketak: Etiketa erantsi
Etiketarik gabe, Izan zaitez lehena erregistro honi etiketa jartzen!
Thư viện lưu trữ: Trung tâm Học liệu Trường Đại học Cần Thơ
LEADER 00641nam a2200181Ia 4500
001 CTU_46935
008 210402s9999 xx 000 0 und d
082 |a 346.5970134 
082 |b Ph5600n 
100 |a TRƯƠNG THỊ HÒA 
245 0 |a Phụ nữ và pháp luật 
245 0 |b Hỏi-đáp về nhà - đất, thừa kế, hôn nhân và gia đình, xuất cảnh việc riêng 
245 0 |c TRƯƠNG THỊ HÒA 
260 |a Tp. HCM 
260 |b Phụ nữ 
260 |c 2001 
650 |a women - legal status, laws, etc. ( vietnamese law ) 
980 |a Trung tâm Học liệu Trường Đại học Cần Thơ